000
00320nam a2200133Ia 4500
008
230718s9999 xx 000 0 und d
041
_a
eng
082
_a
355.02
_b
TZU
100
_a
Tzu Sun
_9
124972
245
_a
Art Of War
365
_c
Rs.
_b
195.00
700
_a
Tzu Sun
_9
124972
906
_d
B:362716-Mar-2007
_c
OTH
_b
39
999
_c
316322
_d
316322